| 000 | 01031nam a2200289 i 4500 | ||
|---|---|---|---|
| 003 | EG-GICUC | ||
| 005 | 20260121101703.0 | ||
| 008 | 260108s1938 sz ||||fr ||| 00| 0 fre d | ||
| 040 |
_aEG-GICUC _cEG-GICUC _dEG-GICUC _erda _bfre |
||
| 041 | 0 | _afre | |
| 082 | 0 | 4 |
_221 _a341.75 _bBU . G |
| 092 | 0 | 4 | _221 |
| 099 | _aLaw1 11 34175 BU . G 1938 | ||
| 110 |
_aBureau International Du Travail _eAuteur |
||
| 245 | 1 | 2 |
_aGeneralisation De La Reduction De La Duree Du Travail : _b Introduction Generale / _nPremiere Partie: _pIndustrie, Commerce Et Bureaux. _cBureau International Du Travail . |
| 264 | 0 |
_aGeneve : _bBureau International Du Travail , _c1938 . |
|
| 300 |
_a538 Pages; _c30 cm. |
||
| 336 |
_atext _2rda content |
||
| 337 |
_aComputer _2rda media |
||
| 338 |
_aOnline Resource _2rda carrier |
||
| 546 | _aTexte en français | ||
| 650 | 0 | 4 | _aDroit international public |
| 650 | 0 | 4 | _aDroit économique international |
| 856 | _uhttps://fll.law.cu.edu.eg/fulltext/th/B11-05354.pdf | ||
| 905 | _a59 | ||
| 942 |
_2ddc _cBK _e21 _n0 |
||
| 999 |
_c55533 _d55533 |
||